| 000 | 00545nam a2200181 i 4500 | ||
|---|---|---|---|
| 001 | 78979 | ||
| 003 | ES-MaACL | ||
| 005 | 20230906173852.0 | ||
| 007 | t| | ||
| 008 | 041018s1920 sp ||||1| spa d | ||
| 100 | 1 |
_aHeine, Heinrich. _962371 |
|
| 245 | 1 | 0 |
_aLiteratura alemana / _cHeinrich Hëine ; traducción de Mauricio Bacarisse. |
| 260 |
_aMadrid : _b[s.n., _c1920] ( _fImp. Ambos Mundos) |
||
| 300 |
_a260 p. ; _c17 cm. |
||
| 700 | 1 |
_aBacarisse, Mauricio, _d1895-1931 _924439 |
|
| 852 |
_aES-MaACL _jF-2162 |
||
| 999 |
_c78979 _d78979 |
||